|
|
|
|
| LEADER |
00974nam a2200289 a 4500 |
| 001 |
28536 |
| 003 |
BD-DhAAL |
| 005 |
20141108164849.0 |
| 008 |
141108s1987 onc 000 1 eng d |
| 010 |
|
|
|a 89185361
|
| 020 |
|
|
|a 0571218857
|
| 020 |
|
|
|a 0140097775
|
| 035 |
|
|
|a (OCoLC)16040867
|
| 040 |
|
|
|a CaOTU
|b eng
|c CaOONL
|d DLC
|d BD-DhAAL
|
| 042 |
|
|
|a lccopycat
|
| 050 |
0 |
4 |
|a PR9199.3.M494
|b T35 1987
|
| 082 |
0 |
4 |
|a 813/.54
|2 19
|
| 100 |
1 |
|
|a Mistry, Rohinton,
|d 1952-
|9 5981
|
| 245 |
1 |
0 |
|a Tales from Firozsha Baag /
|c Rohinton Mistry.
|
| 260 |
|
|
|a Markham, Ont. :
|b Penguin Books Canada,
|c 1987.
|
| 300 |
|
|
|a 250 p. ;
|c 20 cm.
|
| 490 |
0 |
|
|a Penguin short fiction
|
| 541 |
|
|
|e 28536
|
| 651 |
|
0 |
|a Mumbai (India)
|v Fiction.
|9 5982
|
| 942 |
|
|
|2 ddc
|c BK
|
| 999 |
|
|
|c 33024
|d 33024
|
| 952 |
|
|
|0 0
|1 0
|2 ddc
|4 0
|6 813_540000000000000_MIS
|7 0
|9 44005
|a BRACUL
|b BRACUL
|c GEN
|d 2014-11-08
|e Paragon Enterprises Ltd.
|g 728.00
|l 8
|m 12
|o 813.54 MIS
|p 3010028536
|r 2025-08-11
|s 2025-07-21
|t 1
|w 2014-11-08
|y BK
|